000 00293nam a22001217a 4500
008 180306b xxu||||| |||| 00| 0 eng d
041 _aeng
080 _213th ed.
_a338
100 _a53
101 _aMNG
245 _aStrategic Management and Business Policy
_cWheelen, TH.L
942 _2udc
_cBK
999 _c44152
_d44152